[Event "Runavik op"]
[Site "Runavik"]
[Date "2017.11.26"]
[Round "9"]
[White "Filip, Horatiu Cristian"]
[Black "Steil, Raymond"]
[Result "1/2-1/2"]
[WhiteElo "2046"]
[BlackElo "1591"]
[PlyCount "67"]
[EventDate "2017.11.20"]
[EventType "swiss"]
[EventRounds "9"]
[EventCountry "FAI"]
[SourceTitle "CBM 181 Extra"]
[Source "ChessBase"]
[SourceDate "2017.12.12"]
[SourceVersion "1"]
[SourceVersionDate "2017.12.12"]
[SourceQuality "1"]

1. e4 c6 2. d4 d5 3. e5 Bf5 4. h4 h5 5. c4 e6 6. Nc3 Bb4 7. Nge2 Ne7 8. Bg5 Qc7 9. Ng3 Bg6 10. Bxe7 Qxe7 11. Be2 dxc4 12. Bxc4 Nd7 13. Bd3 Bxd3 14. Qxd3 Nb6 15. Nge4 Nd5 16. Qg3 0-0-0 17. 0-0 f6 18. a3 Ba5 19. Nd6+ Kb8 20. Nce4 Bc7 21. Rfe1 f5 22. Ng5 Rhf8 23. Nc4 Qd7 24. b4 Nb6 25. Na5 Nd5 26. Nb3 Bb6 27. Rab1 Qe7 28. Rb2 Nc7 29. Rd1 Nb5 30. Rbd2 Nxa3 31. Nc5 Bxc5 32. bxc5 Nb5 33. Qb3 Rd5 34. Qb4 1/2-1/2

[Event "Runavik op"]
[Site "Runavik"]
[Date "2017.11.25"]
[Round "7"]
[White "Filip, Horatiu Cristian"]
[Black "Nielsen, Jon I Horni"]
[Result "1/2-1/2"]
[WhiteElo "2046"]
[BlackElo "1630"]
[PlyCount "54"]
[EventDate "2017.11.20"]
[EventType "swiss"]
[EventRounds "9"]
[EventCountry "FAI"]
[SourceTitle "CBM 181 Extra"]
[Source "ChessBase"]
[SourceDate "2017.12.12"]
[SourceVersion "1"]
[SourceVersionDate "2017.12.12"]
[SourceQuality "1"]

1. e4 e5 2. Nf3 Nc6 3. d4 exd4 4. Bc4 Nf6 5. 0-0 d6 6. Ng5 Ne5 7. Qxd4 h6 8. Nf3 Nxf3+ 9. gxf3 Bh3 10. Re1 Be7 11. e5 dxe5 12. Qxe5 Qd7 13. Nc3 0-0 14. Bxh6 gxh6 15. Qxe7 Qf5 16. Qe5 Qxf3 17. Qg3+ Qg4 18. Re7 Kh8 19. Qxg4 Nxg4 20. Bxf7 Rxf7 21. Rxf7 Ne5 22. Rf4 Rg8+ 23. Kh1 Bg2+ 24. Kg1 Bh3+ 25. Kh1 Bg2+ 26. Kg1 Bh3+ 27. Kh1 Bg2+ 1/2-1/2